ბათუმის შოთა რუსთაველის სახელმწიფო უნივერსიტეტის ბიბლიოთეკა

დენდროლოგია. ნაწ. 2 (ბიბ.ჩანაწერი № 35298)

000 -LEADER
fixed length control field 00794nam a2200241Ia 4500
001 - CONTROL NUMBER
control field 1148
003 - CONTROL NUMBER IDENTIFIER
control field GE_BSU
008 - FIXED-LENGTH DATA ELEMENTS--GENERAL INFORMATION
fixed length control field 181216s||||||||xx |||||||||||||| ||und||
040 ## - CATALOGING SOURCE
Transcribing agency GE_BSU
080 ## - UNIVERSAL DECIMAL CLASSIFICATION NUMBER
Universal Decimal Classification number 581.526.42(075.8)+582.5/9+630.1
100 ## - MAIN ENTRY--PERSONAL NAME
Personal name მირზაშვილი, ვ.ი.
245 ## - TITLE STATEMENT
Title დენდროლოგია. ნაწ. 2
245 ## - TITLE STATEMENT
Remainder of title ნაწ. 2 : ფარულთესლიანები
245 ## - TITLE STATEMENT
Statement of responsibility, etc. რედ.კეცხოველი,ნ
260 ## - PUBLICATION, DISTRIBUTION, ETC.
Place of publication, distribution, etc. თბილისი
260 ## - PUBLICATION, DISTRIBUTION, ETC.
Name of publisher, distributor, etc. თბილისის ასხ.უნ–ტის
260 ## - PUBLICATION, DISTRIBUTION, ETC.
Date of publication, distribution, etc. 1948
300 ## - PHYSICAL DESCRIPTION
Extent 840 გვ. 23 სმ.
653 ## - INDEX TERM--UNCONTROLLED
Uncontrolled term დენდროლოგია
653 ## - INDEX TERM--UNCONTROLLED
Uncontrolled term ფარულთესლიანები
942 ## - ADDED ENTRY ELEMENTS (KOHA)
Koha item type წიგნი
ეგზემპლარები
Withdrawn status Lost status Damaged status Not for loan Date acquired Barcode Date last seen Price effective from Koha item type
        2018-12-17 2748 2018-12-17 2018-12-17 წიგნი